| 000 | 01218nam a22003497a 4500 | ||
|---|---|---|---|
| 003 | CHAP | ||
| 005 | 20220817044523.0 | ||
| 008 | 120521s2011 it rn 00010 eng d | ||
| 010 | _a103184 | ||
| 011 | _a104156 | ||
| 020 | _a9789251070598 | ||
| 035 | _a114845 | ||
| 040 | _cCHAP | ||
| 082 | 0 | 4 | _a639.2 F46y v.986 |
| 110 | 2 |
_aFAO. _bComisión Regional para la Pesca |
|
| 245 | 1 | 0 |
_aReport of the fifth meeting of the RECOFI working group on fisheries management _c/por FAO. Comisión Regional para la Pesca |
| 260 |
_aRoma : _bFAO, _c2011 |
||
| 300 | _avi, 59 p. | ||
| 490 | 0 |
_aFAO. Informe de pesca y acuicultura _v; 986 |
|
| 500 | _aTehran, Iran (Islamic Republic of), 9-12 October 2011 | ||
| 590 |
_aBATCH-UPD _b10 _c20130110 _lUCH01 _h1127 |
||
| 590 |
_aBATCH-UPD _b10 _c20130410 _lUCH01 _h0654 |
||
| 590 |
_aBATCH-UPD _b10 _c20130914 _lUCH01 _h1350 |
||
| 590 |
_aCONVERSION _b10 _c20130109 _lUCH01 _h1357 |
||
| 650 | 1 | 4 |
_aPeces. _986441 |
| 650 | 1 | 4 |
_aPesca _xEstadísticas. _987379 |
| 650 | 1 | 4 |
_aPesquería. _987496 |
| 830 | 1 | 0 |
_aFAO. Informe de pesca y acuicultura _v; 986 _939588 |
| 901 | _aBK | ||
| 942 | _cLIBRO | ||
| 949 |
_a639.2 F46y v.986 _bBC _cFAO _d33724002328231 _eFAO1 _gDonaciØn _h116655 _i114845 _sb |
||
| 999 |
_c103184 _d103184 |
||